| 000 | 00753cab a2200229 4500 | ||
|---|---|---|---|
| 001 | ABS68684 | ||
| 008 | 050124n2005 000 0 eng u | ||
| 035 | _a(Sirsi) u128567 | ||
| 100 | _aShirley, A. | ||
| 245 | _aCommercial uncertainty | ||
| 260 | _c2005 | ||
| 490 |
_aFarmers' Weekly _v142(1) 7 January 2005, 67-8(2) |
||
| 520 | _aContinuation of Farmers' Weekly review of the UK land market, looking at the north of England and Yorkshire. (See also Abs68581, Abs68683 and Abs68685). | ||
| 590 | _aABS | ||
| 650 | _aLAND MARKET | ||
| 650 | _aPROPERTY-RURAL AND NATURAL ASSETS-AGRICULTURAL PROPERTY-AGRICULTURAL LAND | ||
| 650 | _aFARM SALES | ||
| 650 | _aNORTHERN ENGLAND | ||
| 650 | _aYORKSHIRE | ||
| 690 | _aRURAL-MARKET | ||
| 942 | _n0 | ||
| 999 |
_c74731 _d74731 |
||